000 00577nam a22002177a 4500
003 UA-OsUOA
001 106672
007 ta
008 20140603b un ||||| |||| 00| 0 ukr d
100 _aНабока Т.С.
090 _a330(477)
_bН14
942 _cSA
040 _aUA-OsUOA
_bukr
_cUA-OsUOA
_dUA-OsUOA
245 _aОптимізація структури видаткової частини бюджету
300 _aС.51-63
955 _a0
041 _aukr
080 _a330(477)
773 0 _w106670
650 7 _a330 Економіка взагалі
_2UDC
999 _c392773
_d392773